LEADER 00998nam 2200313 450 001 996575391803316 005 20231209095959.0 010 $a1-5044-5977-6 035 $a(CKB)4100000009039542 035 $a(NjHacI)994100000009039542 035 $a(EXLCZ)994100000009039542 100 $a20231209d2019 uy 0 101 0 $aeng 135 $aur||||||||||| 181 $ctxt$2rdacontent 182 $cc$2rdamedia 183 $acr$2rdacarrier 200 10$a1647-2019 - IEEE Standard for the Functional Verification Language e /$fInstitute of Electrical and Electronics Engineers 210 1$a[Place of publication not identified] :$cIEEE,$d2019. 215 $a1 online resource (46 pages) 606 $aDynamic programming 615 0$aDynamic programming. 676 $a519.703 801 0$bNjHacI 801 1$bNjHacl 906 $aDOCUMENT 912 $a996575391803316 996 $a1647-2019 - IEEE Standard for the Functional Verification Language e$92582806 997 $aUNISA LEADER 01130nam0 22003011i 450 001 UON00322739 005 20231205104147.360 010 $a978-88-88641-29-9 100 $a20090406d2007 |0itac50 ba 101 $aita 102 $aIT 105 $a|||| ||||| 200 1 $aAlle origini del carnevale$eMysteria isiaci e miti cattolici$fGiampaolo Di Cocco$gcon una lettera di Giuseppe Pontiggia 205 $a2. ed 210 $aFirenze$cA. Pontecorboli$dc2007 215 $a168 p.$cill.$d24 cm 606 $aCARNEVALE$xOrigini$3UONC071555$2FI 620 $aIT$dFirenze$3UONL000052 676 $a394.26$cFeste$v21 700 1$aDI COCCO$bGiampaolo$3UONV184164$0627769 702 1$aPONTIGGIA$bGiuseppe$3UONV175934 712 $aPontecorboli$3UONV249215$4650 801 $aIT$bSOL$c20240220$gRICA 899 $aSIBA - SISTEMA BIBLIOTECARIO DI ATENEO$2UONSI 912 $aUON00322739 950 $aSIBA - SISTEMA BIBLIOTECARIO DI ATENEO$dSI F 266 $eSI MC 32330 5 996 $aAlle origini del carnevale$91213706 997 $aUNIOR